Statistics for Find the Countries Scrambled Up In These Words

Click here to take the quiz!

General Stats

  • This quiz has been taken 87 times
  • The average score is 27 of 36

Answer Stats

HintAnswer% Correct
ChainChina
97%
LaityItaly
93%
MailMali
91%
PurePeru
91%
PainsSpain
91%
RainIran
90%
CogonCongo
88%
PlaneNepal
88%
ReignNiger
88%
MoanOman
88%
OmasaSamoa
87%
AlsoLaos
86%
GuanayGuyana
83%
TamalMalta
83%
TangoTonga
83%
BurnieBrunei
81%
SprucyCyprus
81%
BoganGabon
81%
BialyLibya
81%
AtwainTaiwan
81%
RegaliaAlgeria
78%
AnalogAngola
77%
SerialIsrael
77%
DaimonicDominica
75%
InlacedIceland
75%
AtoniesEstonia
74%
RabiesSerbia
72%
CoenamorCameroon
64%
TearierEritrea
64%
EenemyYemen
64%
EstimatorEast Timor
59%
BonsaiBosnia
49%
AcrimoniesMicronesia
45%
AneurismSuriname
36%
UnsteadiestUnited States
29%
OsteomaSao Tome
13%

Score Distribution

Percentile by Number Answered

Percent of People with Each Score

Your Score History

You have not taken this quiz